Postdata a la reelección / (Registro nro. 6877)

Detalles MARC
000 -LEADER
fixed length control field 00918cam a2200241 a 4500
003 - CONTROL NUMBER IDENTIFIER
control field OSt
005 - DATE AND TIME OF LATEST TRANSACTION
control field 20200923122947.0
008 - FIXED-LENGTH DATA ELEMENTS--GENERAL INFORMATION
fixed length control field 080129t 2005ck r 000 0 spa d
020 ## - INTERNATIONAL STANDARD BOOK NUMBER
International Standard Book Number 9589231314
040 ## - CATALOGING SOURCE
Original cataloging agency CO-BoPUJ
Transcribing agency CO-JMCR
041 0# - LANGUAGE CODE
Language code of text/sound track or separate title spa
082 04 - DEWEY DECIMAL CLASSIFICATION NUMBER
Classification number 324.9861 /
Item number C355p
Edition number 21
100 1# - MAIN ENTRY--PERSONAL NAME
Personal name Castro Castro, Jaime,
Relator term autor
9 (RLIN) 9637
245 10 - TITLE STATEMENT
Title Postdata a la reelección /
Statement of responsibility, etc. Jaime Castro Catro
250 ## - EDITION STATEMENT
Edition statement Primera edición
260 ## - PUBLICATION, DISTRIBUTION, ETC.
Place of publication, distribution, etc. Bogotá :
Name of publisher, distributor, etc. Foro Nacional por Colombia,
Date of publication, distribution, etc. c2005.
300 ## - PHYSICAL DESCRIPTION
Extent 272 páginas ;
Dimensions 25 cm.
504 ## - BIBLIOGRAPHY, ETC. NOTE
Bibliography, etc. note Referencias bibliográficas: páginas 271-272.
505 0# - FORMATTED CONTENTS NOTE
Formatted contents note Colombia, tierra estéril para la reelección. -- La reelección cambia el sistema y el régimen político. -- La reelección abre la caja de pandora. -- Los costos de la reelección.
650 14 - SUBJECT ADDED ENTRY--TOPICAL TERM
Topical term or geographic name entry element Reelección presidencial
Geographic subdivision Colombia
9 (RLIN) 10711
650 24 - SUBJECT ADDED ENTRY--TOPICAL TERM
Topical term or geographic name entry element Elecciones
General subdivision Historia
9 (RLIN) 10712
942 ## - ADDED ENTRY ELEMENTS (KOHA)
Source of classification or shelving scheme Dewey Decimal Classification
Koha item type Books
Existencias
Withdrawn status Lost status Source of classification or shelving scheme Damaged status Not for loan Home library Current library Shelving location Date acquired Source of acquisition Total Checkouts Full call number Barcode Date last seen Copy number Price effective from Koha item type
    Dewey Decimal Classification     Biblioteca Pública José María del Castillo y Rada Biblioteca Pública José María del Castillo y Rada General Stacks 04/15/2018 Donación   324.9861 / C355p 201810105 05/16/2024 Ej.1 04/15/2018 Books